000 00957cam a22002534a 4500
999 _c2066
_d2066
001 4750
003 BD-DhUAP
005 20200219124657.0
008 001221s2001 dcua b 000 0 eng
020 _a0821349198
040 _aDLC
_cDLC
_dBD-DhUAP
082 0 0 _a388.091724 LEB
_223
100 1 _aLebo, Jerry.
245 1 0 _aDesign and appraisal of rural transport infrastructure :
_bensuring basic access for rural communities /
_cJerry Lebo and Dieter Schelling.
260 _aWashington, D.C. :
_bWorld Bank,
_cc2001.
300 _avii, 96 pages :
_billustrations ;
_c28 cm.
490 _aWorld Bank technical paper,
_vno. 496
504 _aIncludes bibliographical references.
650 0 _aRural transportation
_zDeveloping countries
_xDesign and construction.
650 0 _aRural transportation
_zDeveloping countries
_xFinance.
650 0 _aRural transit
_xGovernment policy
_zDeveloping countries.
700 1 _aSchelling, Dieter.
942 _2ddc
_cBK